000 00432nam a2200145Ia 4500
008 220217s9999 xx 000 0 und d
245 0 _aSpecification for acrylonitrile-butadiene rubber compounds
260 _aLondon
260 _c1982
_bBritish Standards Institution
490 _aBritish Standards
500 _aStandard number: BS 2751
650 _aAcrylonitrile butadiene rubber
650 _aRubber compounds
942 _cST
999 _c73043
_d73043